00527nam a22001457a 4500003000400000005001700004008003800021040002500059245006100084260008600145300002000231942001400251952009900265999001700364OSt20201022151804.0201022b 1959 dr 00| 0 eng d aDO-SdBNPbspacBNPHU00aEstatutos fundamentales del Club “2 De Julio”, Inc aSan Pedro de Macorís, República Dominicana : bTipografía Cervantes,c1959. a27 p. c22 cm.  2ddccLBS1 00102ddc70aBNPHUbPDcCTd2020-10-22eFamilia Reyes Duluc.l0r2020-10-22w2020-10-22yLBS1 c48947d48947